00641nam a2200205 a 450000100100000000500170001000800410002702000150006804000250008308200150010810000240012324500410014726000400018830000280022850000210025650000760027750400310035365000300038465000210041400000497020200929151540.0090728s1993 xxua 001 0 spa d a0394588010 aDO-SdBNPbspacBNPHU a355bK262a1 aKeegan, Johnd1934-10aA history of warfare /cJohn Keegan. aNew York :bAlfred A. Knopf,c1993. a432 p. :bil. ;c26 cm. aIncluye índice aIncluye datos biográficos del autor en la solapa de la contracubierta aBibliografía: p. 393-417 4aCiencia militarxHistoria 4aGuerraxHistoria